000 00972cam a22003374i 4500
003 PE-LiUPU
005 20250731183400.0
008 150623s r 000 0 d
035 _a(Sirsi) a23113
040 _aPE-LiUPU
_bspa
_cPE-LiUPU
_erda
082 0 4 _a783.95
_bT89
_221
110 _aIntegrity Music.,
_eeditor.
_96199
245 0 0 _aThy word.
264 1 _aMobile, AL :
_bIntegrity Music, Inc.,
_c1994.
300 _a136 páginas :
_bilustraciones partituras ;
_c26 cm.
336 _atext
_2rdacontent
337 _aunmediated
_2rdamedia
338 _avolume
_2rdacarrier
490 0 _aAlleluia Music. Songs Sheets
505 0 _aSonglist for thy word.
526 _aP158
526 _aP146
526 _aP17
526 _aP12
526 _aP06
650 0 4 _aHimnarios religiosos evangélicos.
710 _aAlleluia Music.,
_eeditor.
_96201
942 _2ddc
_cBK
980 _81
_gALBERTO SANCHEZ Responsable de Automatización
999 _c23755
_d23755